000 00665nam a2200229Ia 4500
003 BUBTL
008 151213s9999 xx 000 0 und d
020 _a70149622
041 _aEnglish
082 _a658.45/ P1708e/ 2002
_b
100 _aPal, Rajendra
_94391
245 _aEssentials of Business communication :
_cRajendra Pal & J. S. Karlahalli
250 _a10th
260 _aNew Delhi
_bSultan Cha & Sons
_cc2002
300 _a1476 p.
_b22cm .
_cBusiness .
650 0 _aBusiness
_961
650 _aManagement
700 _aRajendra Pal & J. S. Karlahalli
_95630
856 _k0
_l0
_yDownload
942 _2ddc
_cBK
999 _c1142
_d1142